History Quiz

Random History or Nation Quiz

Things in the National Museum of American History Quiz Stats

 Plays Quiz Updated Jun 30, 2019

Score 0/20 Timer 08:00
0 Plays Today
% Correct
Abraham Lincoln
99.3%
Thomas Edison
93.3%
Declaration of Independence
93%
The Wizard of Oz
91.8%
Theodore Roosevelt
91.1%
Alexander Graham Bell
90.8%
George Washington
89.5%
Conestoga Wagon
86.9%
Dumbo the Flying Elephant
85.1%
Ulysses S. Grant
85%
% Correct
Plymouth Rock
84.8%
New York
83.8%
C-3PO
83.8%
American Revolution
80.3%
North Carolina
78.1%
Julia Child
76.3%
Rosie the Riveter
74.7%
Massachusetts
67%
Dolley Madison
65.9%
Fort McHenry
57.5%

You're not logged in!

Compare scores with friends on all Sporcle quizzes.
OR
Log In

Sporcle TV

Today on Sporcle TV


Watch our educational content, quiz creation guides, and fun videos on Sporcle TV.

Show Comments

Extras

Top Quizzes Today


Score Distribution

Your Account Isn't Verified!

In order to create a playlist on Sporcle, you need to verify the email address you used during registration. Go to your Sporcle Settings to finish the process.

Report this User

Report this user for behavior that violates our Community Guidelines.

Details: